000 01051nam a2200277 a 4500
001 000025206
005 20250205124808.0
008 110211s1998 dr ab 000 0 spa d
020 _a8489525587
020 _a8492184582
040 _aDO-SdBNP
_bspa
_cBNPHU
082 _a330.9
_bL925j
100 1 _aLozano, Wilfredo
_d1950-
_97126
245 1 0 _aJornaleros e inmigrantes /
_cWilfredo Lozano.
260 _aSanto Domingo :
_bFLASCO
_bINTEC,
_c1998.
300 _a189 p. :
_bil., map. ;
_c22 cm.
500 _aIncluye datos biográficos del autor en la solapa de la contracubierta
504 _aIncluye referencias bibliográficas y notas al pie de las páginas
504 _aBibliografía : p. 173-181
650 4 _aTrabajadores agríícolas
_zRepública Dominicana
_951684
651 4 _aRepública Dominicana
_xEmigración E Inmigración
_9290
651 4 _aHaití
_xEmigración E Inmigración
_91425
710 1 _aFacultad Latinoamericana de Ciencias Sociales
_9294
710 2 _aInstituto Tecnológico de Santo Domingo
_978911
049 _aBNPD
999 _c24699
_d24699